000 01125nam a22002777a 4500
005 20220329143237.0
008 070731d2007 mx r 00110 spa d
010 _a93846
011 _a94818
035 _a105416
090 _aTesis
245 0 0 _aAnàlisis de los proyectos productivos del programa de atenciòn a jornaleros agricolas ( paja ) usando modelos de regresiòn logìstica.
_c/por Martinez Bautista , Humberto . y Sexto Monroy , Benjamin .
260 _aChapingo, Méx. :
_bEl autor,
_c2007
300 _a94 h.:
_bilis . grafs . cuadro .
502 _aTesis ( Lic . en Estadistica .) --- UACH. Divisiòn de Ciencias Forestales.
590 _aALEPH
_b10
_c20130110
_lUCH01
_h1518
590 _aBATCH-UPD
_b10
_c20130110
_lUCH01
_h1306
590 _aBATCH-UPD
_b10
_c20130410
_lUCH01
_h0822
590 _aBATCH-UPD
_b10
_c20130914
_lUCH01
_h1325
590 _aCONVERSION
_b10
_c20130109
_lUCH01
_h1352
650 0 4 _aAgricultura
_xTrabajadores.
_91840
650 0 4 _aEstadística
_xMetodología.
_938253
650 0 4 _aEstadística
_xTablas.
_938257
650 0 4 _aTrabajo y trabajadores
_xEstadísticas.
_9114522
901 _aBK
999 _c93846
_d93846